Whom Did Meryl Streep Play? Quiz Stats

 Plays Quiz Updated Jun 29, 2018

Challenge
Share
Tweet
Embed
Score 0/25 Timer 06:00
3 Plays Today
Question Answer Wrong Answers
Who did Meryl Streep play in...
The Iron Lady?
Margaret Thatcher
93.1%
Carol Thatcher
1.1%
June
0.5%
Queen Elizabeth II
1.8%
Who did Meryl Streep play in...
Sophie's Choice?
Sophie Zawistowski
91.7%
Yetta Zimmerman
1.4%
Astrid Weinstein
1.6%
Lillian Grossman
1.5%
Who did Meryl Streep play in...
Kramer vs. Kramer?
Joanna Kramer
91.5%
Margaret Phelps
2.4%
Petie Phelps
0.8%
Kim Phelps
1.5%
Who did Meryl Streep play in...
Florence Foster Jenkins?
Florence Foster Jenkins
90.3%
Kathleen Weatherley
1.6%
Agnes Stark
1.9%
Gertrude Vanderbilt Whitney
2%
Who did Meryl Streep play in...
The Devil Wears Prada?
Miranda Priestly
89.4%
Andrea 'Andy' Sachs
2.7%
Emily Charlton
2.7%
Serena
1.6%
Who did Meryl Streep play in...
Julie & Julia?
Julia Child
89.3%
Julie Powell
6.2%
Simone Beck
0.4%
Dorothy Dean Cousins
0.5%
Who did Meryl Streep play in...
Into the Woods?
The Witch
83.9%
The Baker's Wife
4.3%
Cinderella
1.3%
Jack's Mother
6.5%
Who did Meryl Streep play in...
Fantastic Mr. Fox?
Mrs. Felicity Fox
81.6%
Linda Otter
5.8%
Mrs. Bean
4.8%
Agnes
3.9%
Who did Meryl Streep play in...
Silkwood?
Karen Silkwood
80.6%
Dolly Pelliker
4.8%
Thelma Rice
5.5%
Angela
4.4%
Who did Meryl Streep play in...
Ricki and the Flash?
Linda Brummel/Ricki Rendazzo
76.4%
Julie Brummel
6.9%
Maureen Brummel
7.3%
Oma
4.8%
Who did Meryl Streep play in...
Lemony Snicket's A Series of Unfortunate Events?
Aunt Josephine
69.9%
Violet Baudelaire
14.3%
Sunny Baudelaire
5.5%
Justice Strauss
5.8%
Who did Meryl Streep play in...
Mamma Mia!?
Donna Sheridan
63.9%
Sophie Sheridan
20.1%
Rosie Mulligan
9.2%
Tanya Chesham-Leigh
3.2%
Who did Meryl Streep play in...
Out of Africa?
Karen Blixen
60.5%
Felicity Spurway
10.2%
Lady Belfield
12.1%
Lady Byrne
12.4%
Who did Meryl Streep play in...
The Deer Hunter?
Linda
58.4%
Steven's Mother
8.7%
The Bridesmaid
7.6%
Angela Ludhjduravic-Pushkov
20.5%
Who did Meryl Streep play in...
The French Lieutenant's Woman?
Sarah Woodruff/Anna
57.8%
Mary
15%
Mrs. Tranter
9.1%
Mrs. Fairley
13%
Who did Meryl Streep play in...
The Manchurian Candidate (2004)?
Senator Eleanor Prentiss Shaw
55.6%
Eugenie Rose
6.1%
Jocelyne Jordan
8.6%
Congresswoman Beckett
24.9%
Who did Meryl Streep play in...
The Bridges of Madison County?
Francesca Johnson
52.8%
Carolyn Johnson
22.6%
Betty
6.8%
Madge
13.2%
Who did Meryl Streep play in...
Death Becomes Her?
Madeline Ashton
52.1%
Helen Sharp
22.7%
Lisle von Rhoman
13.3%
Anna Jones
6.8%
Who did Meryl Streep play in...
Doubt?
Sister Aloysius Beauvier
48.8%
Sister James
16.9%
Mrs. Miller
6.3%
Sister Veronica
23.4%
Who did Meryl Streep play in...
Adaptation.?
Susan Orlean
43.7%
Amelia Kavan
14.7%
Valerie Thomas
16.3%
Caroline Cunningham
19.8%
Who did Meryl Streep play in...
Ironweed?
Helen Archer
40.1%
Annie Phelan
25.6%
Peg Phelan
12.9%
Katrina Dougherty
16%
Who did Meryl Streep play in...
August: Osage County?
Violet Weston
39.8%
Barbara Weston-Fordham
25.7%
Jean Fordham
14.9%
Mattie Fae Aiken
14.2%
Who did Meryl Streep play in...
The Hours?
Clarissa Vaughan
35%
Virginia Woolf
38.9%
Laura Brown
10%
Sally Lester
11.1%
Who did Meryl Streep play in...
Manhattan?
Jill Davis
33.6%
Mary Wilkie
20.7%
Tracy
16.7%
Connie
23.5%
Who did Meryl Streep play in...
Julia?
Anne Marie
14.4%
Julia
63.7%
Julia (Younger)
13.3%
Lillian Hellman
4.9%

You're not logged in!

Compare scores with friends on all Sporcle quizzes.
Join for Free
OR
Log In

You Might Also Like...

Show Comments

Extras

Top Quizzes Today


Score Distribution

Your Account Isn't Verified!

In order to create a playlist on Sporcle, you need to verify the email address you used during registration. Go to your Sporcle Settings to finish the process.

Report this User

Report this user for behavior that violates our Community Guidelines.

Details: